000 00707nam a2200229Ia 4500
003 OSt
005 20251112162528.0
008 220923b |||||||| |||| 00| 0 eng d
020 _a0415249449
037 _cGeneral Book
040 _aRTL
_cRTL
_beng
041 _2eng
_aeng
084 _aY:3(P), P5
_qRTL
100 _aLeeuwen, Theo Van
_917234
245 0 _aIntroducing social semiotics
260 _aLondon
_bRoutledge
_c2005
300 _axiii, 301 p.
_bIncludes bibliographical references and index.
500 _aBibliography: P 289-296
650 _aSociology of Language
_9231513
942 _hY:3(P), P5
_cGB
_2CC
_n0
999 _c579359
_d579359